| 000 | 00475nam a2200205Ia 4500 | ||
|---|---|---|---|
| 001 | 11763 | ||
| 003 | GE_BSU | ||
| 008 | 181216s||||||||xx |||||||||||||| ||und|| | ||
| 020 | _a9780061229770 | ||
| 040 | _cGE_BSU | ||
| 080 | _a821.111-32 | ||
| 100 | _aSands,Lynsay | ||
| 245 | _aVampire,Interrupled an Argeneau Novel | ||
| 260 | _aNew York | ||
| 260 | _bAvon | ||
| 260 | _c2008 | ||
| 300 | _a370p.17cm. | ||
| 653 | _aVampire,Interrupled an Argeneau Novel | ||
| 942 | _cBK | ||
| 999 |
_c44942 _d44942 |
||